000 00601nam a2200229Ia 4500
003 OSt
005 20220918204308.0
006 a|||||r|||| 00| 0
007 ta
008 220917b |||||||| |||| 00| 0 eng d
024 _a111,914
037 _cTextual
040 _aARTS
_cARTS
_beng
041 _2eng
_aeng
082 _aV53:19045:M5, 122J9
100 _ahytier A D
_9111407
245 0 _aDepeches diplomatiques du comte de Gobineau en perse
260 _c1959
650 _aHISTORY
942 _hV53:19045:M5, 122J9
_cTEXL
_2CC
999 _c235263
_d235263